K-Pop song quiz - Statistics

General Stats
  • This quiz has been taken 10 times
  • The average score is 17 of 29
Answer Stats
Hint Answer % Correct
Shoot for the stars like NASA Always going up like NASDAQ Ready on yo mark go fasta
ATEEZ
100%
Thats REDRED Thats REDRED GREEN GREEN CORTIS
100%
You got me like cray-cray- crazy in love Im getting LOCO LOCO ITZY
100%
This a megaverse big Bang(Stray kids everywhere all around the world) Your body shakes (Stray kids everywhere all around the world) Cuz were making bangers YEAH YEAH (Stray kids everywhere all around the world) this a megaverse big bang (Stray kids everywhere all around the world) everything changes Stray Kids
100%
you have stolen my heart oh yeah never let it go oh oh TWICE
90%
su-su-su-super nova aespa
80%
we go UP *korean* kill itt killitt BABY MONSTER
80%
Ooh ah-ah-ah-ah-ah Ooh ah-ah-ah-ah-ah Ooh ah-ah-ah-ah-ah Im taking over you BTS
80%
you got me lookin for attentionnnnnnnnnnnnnnnn New jeans
80%
Call me baby ca-call me baby EXO
70%
Narrsisistiac, my god i love it IVE
70%
Mh only, only, im tryna be your one and only Call me So call me, call me, whenever youre feeling lonely XLOV
70%
Yeah we were bornnn to be aloneee Yeah we were born to be alonee BLACKPINK
60%
Keep it up, your love is helium (helihum)Oh-oh-oh-OH-oh-oh-ohhh ENHYPEN
60%
Dance do a lil dance do that do that do your own dance ILLIT
60%
You see my hope was all but gone*korean* My heart and mind all day Youre so SUPER AYE NCT 127
60%
cuz we are not aloneeee run for rosess NMIXX
60%
wil-o the wisp babe, of baby its blue flame i like it i like it like that LE SSERAFIM
50%
Riding on your rythem, through the solar system COME WITH MEEE red velvet
50%
Oh, im curious yeahhhh SHINee
50%
baby boo my sweetie darling think i love you more more more boynextdoor
40%
freakin bad bad freakin good good freakin bad freaki frickin bad but good xdinary heroes
40%
FLip that flip that flip that flip thaaat LOONA
30%
Lighting, lighting, lighting Coming fast down, never wait never gon catch me in a daze P1harmony
30%
Remember how we used to play? i am NOT insane dreaming of our own galaxysss I DONT REALLY CARE NOW DONT blame ME, we're getting closer!!! ODD EYE CIRCLE
20%
JUST GIVE TO ME, JUST GIVE TO ME MY BAEEBAYYY TAEMIN
20%
Make you fantasizee your lips on mineeee im hypnotise XG
20%
Lets not overthink, think Lers not overthink, think Lets not overthink KEY
10%
rewinnddd rewinddd rewinddd wonder girls
10%
No matching quizzes found
Score Distribution
Percent of People with Each Score
Percentile by Number Answered
Your Score History
You have not taken this quiz